00000000nam##2200000za#4500
0019.573770
003CaOODSP
00520210624183847
007cr |||||||||||
008150406|1994||||xxc|||||o    f|0| 0 eng|d
022 |a1488-5379
040 |aCaOODSP|beng
043 |an-cn---
0861 |aFs97-6/1954E-PDF
1101 |aCanada. |bDepartment of Fisheries and Oceans. |bCentral and Arctic Region.
24510|aPlanktonic crustaceans in lakes of Canada (distribution of species, bibliography) / |h[electronic resource]|cby K. Patalas, J. Patalas, and A. Salki.
260 |aWinnipeg - Manitoba : |bFisheries and Oceans Canada. |cc1994.
300 |a222p.|bmaps, references, tables
4901 |aCanadian technical report of fisheries and aquatic sciences|x1488-5379|vNo. 1954
500 |aThe catalogue number (Fs97-6/1954E) and ISSN (0706-6457) for the print edition have been incorrectly copied in this electronic publication.
546 |a(Résumé en français)
590 |a12-23-Supp|b2012-05-28
7201 |aPatalas, K.
7201 |aPatalas, J.
7201 |aSalki, A.
7760#|tPlanktonic crustaceans in lakes of Canada (distribution of species, bibliography) / |w(CaOODSP)9.611854
830#0|aCanadian technical report of fisheries and aquatic sciences,|x1488-5379|vNo. 1954|w(CaOODSP)9.504449
85640|ahttp://publications.gc.ca|qPDF|s5.53 MB|uhttps://publications.gc.ca/collections/collection_2012/mpo-dfo/Fs97-6-1954-eng.pdf|yNo. 1954